Ocelové mosty : cvičení /

Hlavní autor: Ryjáček, Pavel, 1977-
Korporativní autor: České vysoké učení technické v Praze. Stavební fakulta
Jazyk: Čeština
Vydáno: V Praze : České vysoké učení technické, 2015
Vydání: 1. vyd.
Témata:
Fyzický popis: 61 s., [4] složené l. obr. příl. : il. ; 30 cm
Knihy
Uloženo v:
LEADER 01572nam a2200421 a 4500
001 nkc20152663078
003 CZ PrNK
005 20150507064701.0
007 ta
008 150225s2015 xr af e p 000 0 cze
015 |a cnb002663078 
020 |a 978-80-01-05672-1  |q (brož.) 
035 |a (OCoLC)907526489 
040 |a ABA001  |b cze  |d OLA001 
072 7 |a 624  |x Stavební inženýrství  |2 Konspekt  |9 19 
072 7 |a 37.016  |x Učební osnovy. Vyučovací předměty. Učebnice  |2 Konspekt  |9 22 
080 |a 624.21.014.2  |2 MRF 
080 |a (075.8)  |2 MRF 
080 |a (076.5)  |2 MRF 
100 1 |a Ryjáček, Pavel,  |d 1977-  |7 xx0168772  |4 aut 
245 1 0 |a Ocelové mosty :  |b cvičení /  |c Pavel Ryjáček 
250 |a 1. vyd. 
260 |a V Praze :  |b České vysoké učení technické,  |c 2015 
300 |a 61 s., [4] složené l. obr. příl. :  |b il. ;  |c 30 cm 
500 |a Na obálce nad názvem: České vysoké učení technické v Praze, Fakulta stavební 
500 |a 100 výt. 
650 0 7 |a ocelové mosty  |7 ph115544  |2 czenas 
650 0 9 |a steel bridges  |2 eczenas 
655 7 |a učebnice vysokých škol  |7 fd133772  |2 czenas 
655 7 |a praktická cvičení  |7 fd133118  |2 czenas 
655 9 |a textbooks (higher)  |2 eczenas 
655 9 |a problems, exercises, etc  |2 eczenas 
710 2 |a České vysoké učení technické v Praze.  |b Stavební fakulta  |7 kn20010710181 
910 2 |a BOA001  |b 4-1341.896 
990 |a BK 
995 |a 01 
991 |b 201505  |c NOV  |e n 
996 6 |b 2610623676  |c 4-1341.896  |l MZK  |r Sklad / do 1 hodiny  |n 0  |p p.v.  |w 001492189  |u 000010  |a 1  |e BOA001  |j MZK50  |s P